Australian geography by letter: N - Statistics

General Stats
  • This quiz has been taken 31 times
  • The average score is 6 of 13
Answer Stats
Hint Answer % Correct
Second largest city in NSW Newcastle
96%
Marsupial that principally eats termites Numbat
68%
Australia has about a third of the world's reserves of this element, but large fluctuations in prices make mining a risky business Nickel
61%
Territory used as a penal colony in the 18th and 19th centuries Norfolk Island
61%
Town, river, national park and region that made the Sunshine Coast a major tourist attraction Noosa
57%
No trees Nullarbor
57%
World Heritage listed coast and reef Ningaloo
39%
Long stretch of coastline in Gippsland Ninety Mile Beach
32%
Provincial town for a pastoral region on the Gulf of Carpentaria Normanton
25%
Benedictine monastic town with a famous bakery New Norcia
21%
Sydney suburb mentioned in the Beach Boys song 'Surfin' USA' Narrabeen
18%
Tasmanian town founded for the resettlement of people from the above penal colony, including many first fleeters New Norfolk
14%
Provincial town in the West Australian wheatbelt Northam
14%
No matching quizzes found
Score Distribution
Percent of People with Each Score
Percentile by Number Answered
Your Score History
You have not taken this quiz